Un même titre -> 2 interprètes ou plus - Statistiques

Statistiques générales
  • Ce quiz a été pris 63 fois
  • Le résultat moyen est 25 sur 87
Statistiques - réponses
Hint Réponse % Correct
Je suis un homme 2007 Zazie
91%
Au soleil 2002 Jenifer
87%
Lucie 1996 Pascal Obispo
83%
20 ans 2012 Johnny Hallyday
81%
Gabrielle 1976 Johnny Hallyday
81%
Seul 1998 Johnny Hallyday
81%
Dernière danse 2003 Kyo
80%
Dernière danse 2013 Indila
72%
Je m'en vais 2016 Vianney
72%
Seul 2000 Garou
69%
A deux 1953 Jacques Brel
69%
Bruxelles 1962 Jacques Brel
69%
Madeleine 1962 Jacques Brel
69%
Je t'aime 1997 Lara Fabian
69%
Caroline 1991 MC Solaar
69%
Hello 2015 Adele
67%
Bad 1987 Michael Jackson
61%
Sweet dreams 1983 Eurythmics
59%
Le Lac 2016 Julien Doré
54%
I want you 2002 Laurent Voulzy
52%
Jeanne 2011 Laurent Voulzy
52%
Hélène 1989 Roch Voisine
52%
Sur la route 1995 Gérard De Palmas
43%
Le Baiser 1999 Alain Souchon
39%
Madeleine 1977 Francis Cabrel
33%
Bruxelles 2015 Boulevard des airs
31%
Il y a 2009 Vanessa Paradis
31%
Mon frère 1971 Maxime Le Forestier
30%
Ma meilleure amie 1976 Claude François
28%
Je suis un homme 1971 Michel Polnareff
28%
Je t'aime 1991 Michel Polnareff
28%
Caroline 1972 Charles Aznavour
24%
Elle 2011 Charles Aznavour
24%
Sylvie 1963 Charles Aznavour
24%
Vivre 1998 Hélène Ségara
24%
Il y a 1996 Jean-Jacques Goldman
24%
20 ans 1987 Pierre Bachelet
24%
La Baie 2018 Clara Luciani
22%
20 ans 2010 Jean-Louis Aubert
22%
Sur la route 2003 Jean-Louis Aubert Avec Raphaël
22%
Hello 1992 Lionel Richie
22%
Je m'en vais 2005 Cali
20%
Hélène 1987 Julien Clerc
20%
Partir 1977 Julien Clerc
20%
Jeanne 1999 Françoise Hardy et Air
19%
Free 1987 Stevie Wonder
19%
Bruxelles 2005 Calogero
17%
Belle 1983 Daniel Balavoine et Frida
15%
Lucie 1999 Daniel Balavoine
15%
Le Baiser 1990 Indochine
15%
Le Lac 2009 Indochine
15%
I'm free 1969 The Who
15%
Sweet dreams 2008 Beyoncé
13%
Elle 1980 Didier Barbelivien
13%
I want you 1969 The Beatles
13%
Ma meilleure amie 2017 Vald
13%
Bruxelles 2004 Bénabar
11%
I want you 1967 Bob Dylan
11%
Mon frère 2001 Daniel Lévi et Ahmed Mouici
9%
La Baie 2000 Etienne Daho
9%
Jeanne 1962 Georges Brassens
9%
Marie 1988 Véronique Sanson
9%
Sylvie 1971 Joe Dassin
7%
Partir 1988 Sheila
7%
Marie 1975 Gérard Lenorman
6%
Le bateau blanc 1962 Gilbert Bécaud
6%
Je m'en vais 2004 Miossec
6%
Jeanne 1998 Pierre Perret
6%
I'm free 1989 Rolling Stones
6%
A cause de toi 1961 Sacha Distel
6%
Le bateau blanc 1980 Sacha Distel
6%
Edith 1994 Serge Lama
6%
Edith 1971 Serge Reggiani
6%
Gabrielle 1970 Serge Reggiani
6%
Belle 1973 Christophe
4%
A cause de toi 1984 Corinne Charby
4%
Louise 2001 Salvatore Adamo
4%
Bad 1984 U2
4%
Sylvie 1963 Frank Alamo
2%
Louise 1995 Gérard Berliner
2%
Au soleil 1985 Gilbert Montagné
2%
Free 2019 Iggy Pop
2%
Le Baiser 1996 Jean-Louis Murat
2%
A deux 1979 Mort Schuman
2%
Marie 1975 Nicolas Peyrac
2%
Free 1982 Prince
2%
Vivre 1984 Rose Laurens
2%
Aucun quiz correspondant
Distribution des résultats
% des personnes avec chaque résultat
Percentile par nombre de réponses
Votre historique - résultats
Vous n’avez pas pris ce quiz